00450ntaaa2200169 45000030003000000050017000030080021000200400037000410820017000781000018000952450071001132500010001842600047001943000010002416500019002516500010002700120251027203132.00714s1973 ag 01  aAR-BaBNbspacAR-BaBNeaacrdRIC a786.3300 C99 aCzerny, Carl  aEstudios elegidos para piano. Libro II. Para el pasaje del pulgar. a1 ed. aBuenos Aires : bRicordi Americana, cn.f. a24 p. aMúsica-Piano aPiano